| 000 | 00692cam a2200241 a 4500 | ||
|---|---|---|---|
| 001 | 2059481 | ||
| 005 | 20180119033325.0 | ||
| 008 | 930714s1993 caua b 000 0 eng | ||
| 010 | _a 93177509 | ||
| 020 | _a0201455021 | ||
| 040 |
_aDLC _cDLC _dDLC |
||
| 041 | _aeng | ||
| 043 | _an-us--- | ||
| 080 | _a37 THOM | ||
| 082 | _a37 THOM | ||
| 100 | 1 | _a47 | |
| 101 | _aEDU | ||
| 245 | 1 | 0 |
_aWords can hurt you : _cBarbara J. Thomson. |
| 504 | _aIncludes bibliographical references (p. 179-200). | ||
| 906 |
_a7 _bcbc _corignew _d2 _encip _f19 _gy-gencatlg |
||
| 942 |
_2ddc _cBK |
||
| 999 |
_c40519 _d40519 |
||